Naši investoři v akci

Priebeh privatizácie na Ukrajine. Služby pre podnikateľský sektor v Kyjeve. Podnikateľské možnosti.

Gespeichert in:
Bibliographische Detailangaben
1. Verfasser: Provazník, Dušan
Format: Buchkapitel
Sprache:Tschechisch
Schlagworte:
Tags: Tag hinzufügen
Keine Tags, Fügen Sie das erste Tag hinzu!

MARC

LEADER 00000naa a2200000 4500
001 r027198
005 20230920094051.3
041 0 |a cze 
044 |a CZ 
245 1 0 |a Naši investoři v akci  |c Dušan Provazník 
520 |a Priebeh privatizácie na Ukrajine. Služby pre podnikateľský sektor v Kyjeve. Podnikateľské možnosti. 
610 2 0 |a podnikanie obchodné 
610 2 0 |a Ukrajina 
610 2 0 |a privatizácia 
610 2 0 |a podnikanie 
100 1 |a Provazník, Dušan